|
|
|
|
| LEADER |
01581nam a2200385 a 4500 |
| 001 |
mzk03001050617 |
| 003 |
CZ BrMZK |
| 005 |
20100812083048.0 |
| 007 |
ta |
| 008 |
070604s1657 ne a fr|||||00| ||latod |
| 040 |
|
|
|a BOA001
|b cze
|
| 072 |
|
7 |
|a 094
|x Staré tisky
|2 Konspekt
|9 12
|
| 080 |
|
|
|a (0.068)094
|2 MRF
|
| 100 |
1 |
|
|a Florus, Lucius Annaeus,
|d činný 2. století
|7 jn19990002328
|4 aut
|
| 245 |
1 |
0 |
|a L. Annaevs Florvs. Cl. Salmasivs, addidt Lvcivm Ampelivm. E cod. M S. nunquam antehac editum
|
| 260 |
|
|
|a Lvgd. Batav. :
|b Apud I. Elzevirivm,
|c 1657
|
| 300 |
|
|
|a [8], 536, [16] s. ;
|c 12°
|
| 500 |
|
|
|a Výzdoba: Mědirytinová ilustrační alegorická titulní strana (vlčice kojící Romula a Rema), vlysy, iniciály, viněty
|
| 510 |
3 |
|
|a BNF
|
| 561 |
|
|
|a Provenience: Ex libris Friderici Kühnel, Pragae die XIII° Maii 1800
|
| 561 |
|
|
|a Provenience: [razítko] Bibliotheca P.D.L [Lobkovická knihovna Praha; opis rodového znaku pod knížecí korunou]
|
| 561 |
|
|
|a Provenience: [razítko] Lobkovická Knihovna
|
| 563 |
|
|
|a Původní pergamenová vazba
|
| 655 |
|
7 |
|a staré tisky
|7 fd422076
|2 czenas
|
| 700 |
1 |
|
|a Saumaise, Claude,
|d 1588-1653
|7 mzk2007395131
|4 pbl
|
| 700 |
1 |
|
|a Ampelius,
|d činný 4. století
|7 jn19981000105
|4 aut
|
| 903 |
|
|
|a RP
|
| 910 |
|
|
|a BOA001
|b ST1-0159.530
|
| 978 |
|
|
|b Elzevier, Johannes
|a Leiden
|c 1657
|
| 984 |
|
|
|a Leiden
|b Nizozemsko
|
| 985 |
|
|
|a 1651-1700
|
| 990 |
|
|
|a BK
|
| 993 |
|
|
|a Y
|
| 991 |
|
|
|k mzk
|
| 996 |
6 |
|
|b 2619278352
|c ST1-0159.530
|l stud. ST
|r Sklad / do násl. otevíracího dne
|n 0
|w 001050617
|u 000010
|a 1
|e BOA001
|s P
|